<?xml version="1.0" encoding="UTF-8"?><?xml-stylesheet type="text/xsl" href="static/style.xsl"?><OAI-PMH xmlns="http://www.openarchives.org/OAI/2.0/" xmlns:xsi="http://www.w3.org/2001/XMLSchema-instance" xsi:schemaLocation="http://www.openarchives.org/OAI/2.0/ http://www.openarchives.org/OAI/2.0/OAI-PMH.xsd"><responseDate>2026-04-26T23:12:02Z</responseDate><request verb="GetRecord" identifier="oai:repisalud.isciii.es:20.500.12105/26433" metadataPrefix="marc">https://repisalud.isciii.es/rest/oai/request</request><GetRecord><record><header><identifier>oai:repisalud.isciii.es:20.500.12105/26433</identifier><datestamp>2025-12-18T12:53:55Z</datestamp><setSpec>com_20.500.12105_2052</setSpec><setSpec>com_20.500.12105_2051</setSpec><setSpec>col_20.500.12105_19609</setSpec></header><metadata><record xmlns="http://www.loc.gov/MARC21/slim" xmlns:dcterms="http://purl.org/dc/terms/" xmlns:doc="http://www.lyncode.com/xoai" xmlns:xsi="http://www.w3.org/2001/XMLSchema-instance" xsi:schemaLocation="http://www.loc.gov/MARC21/slim http://www.loc.gov/standards/marcxml/schema/MARC21slim.xsd">
   <leader>00925njm 22002777a 4500</leader>
   <datafield ind2=" " ind1=" " tag="042">
      <subfield code="a">dc</subfield>
   </datafield>
   <datafield ind2=" " ind1=" " tag="720">
      <subfield code="a">Barrera, Juan P</subfield>
      <subfield code="e">author</subfield>
   </datafield>
   <datafield ind2=" " ind1=" " tag="720">
      <subfield code="a">Miró, Guadalupe</subfield>
      <subfield code="e">author</subfield>
   </datafield>
   <datafield ind2=" " ind1=" " tag="720">
      <subfield code="a">Carmena, David</subfield>
      <subfield code="e">author</subfield>
   </datafield>
   <datafield ind2=" " ind1=" " tag="720">
      <subfield code="a">Foncubierta, Carlos</subfield>
      <subfield code="e">author</subfield>
   </datafield>
   <datafield ind2=" " ind1=" " tag="720">
      <subfield code="a">Sarquis, Juliana</subfield>
      <subfield code="e">author</subfield>
   </datafield>
   <datafield ind2=" " ind1=" " tag="720">
      <subfield code="a">Marino, Valentina</subfield>
      <subfield code="e">author</subfield>
   </datafield>
   <datafield ind2=" " ind1=" " tag="720">
      <subfield code="a">Estévez-Sánchez, Efrén</subfield>
      <subfield code="e">author</subfield>
   </datafield>
   <datafield ind2=" " ind1=" " tag="720">
      <subfield code="a">Bailo-Barroso, Begoña</subfield>
      <subfield code="e">author</subfield>
   </datafield>
   <datafield ind2=" " ind1=" " tag="720">
      <subfield code="a">Checa, Rocío</subfield>
      <subfield code="e">author</subfield>
   </datafield>
   <datafield ind2=" " ind1=" " tag="720">
      <subfield code="a">Montoya, Ana</subfield>
      <subfield code="e">author</subfield>
   </datafield>
   <datafield ind2=" " ind1=" " tag="260">
      <subfield code="c">2024-10-02</subfield>
   </datafield>
   <datafield ind2=" " ind1=" " tag="520">
      <subfield code="a">The enteric protozoan parasites Giardia duodenalis and Cryptosporidium spp. are common cause of diarrhea in pet dogs and cats, affecting primarily young animals. This comparative study evaluates the diagnostic performance of conventional and molecular methods for the detection of G. duodenalis and Cryptosporidium spp. infection in dogs and cats.The compared diagnostic assays included merthiolate-iodine-formalin (MIF) method, lateral flow immunochromatography rapid test (ICT) and real-time PCR; using direct immunofluorescence assay (DFA) as golden standard. The study included the analysis of 328 fecal samples from different dog (n = 225) and cat (n = 103) populations.According to DFA, the overall prevalence of G. duodenalis was 24.4% (80/328, 95% CI: 19.8-29.4), varying from 11.6% (12/103, 95% CI: 6.2-19.5) in cats to 30.2% (68/225, 95% CI: 24.3-36.7) in dogs. The overall prevalence of Cryptosporidium spp. was 4.0% (13/328, 95% CI: 2.1-6.7), varying from 2.9% (3/103, 95% CI: 0.6-8.3) in cats to 4.4% (10/225, 95% CI: 2.1-8.0) in dogs. MIF was only used for the detection of G. duodenalis, which was identified by this method in 22.7% of dogs and 7.8% of cats, respectively. DFA was the most sensitive technique for detecting G. duodenalis in samples from dogs and cats (p-value: &lt; 0.001), followed by real-time PCR. Identification of Cryptosporidium infections was most effectively accomplished by the combination of DFA and PCR technique (p-value: &lt; 0.001). In addition, epidemiological (sex, age, origin) and clinical (fecal consistency) variables were collected to assess their potential associations with an increased likelihood of infection by G. duodenalis and/or Cryptosporidium spp. Breeder dogs were more likely to harbor G. duodenalis infection (p-value: 0.004), whereas female cats were significantly more infected with Cryptosporidium (p-value: 0.003). In conclusion, DFA (alone or in combination with PCR) has been identified as the most accurate and cost-effective method for detecting G. duodenalis and Cryptosporidium spp. in fecal samples from pet dogs and cats. This highlights their importance in both veterinary and clinical settings for enabling prompt treatment and preventing potential transmission to humans.</subfield>
   </datafield>
   <datafield ind1="8" ind2=" " tag="024">
      <subfield code="a">Barrera JP, Miró G, Carmena D, Foncubierta C, Sarquis J, Marino V, Estévez-Sánchez E, Bailo B, Checa R, Montoya A. Enhancing diagnostic accuracy: Direct immunofluorescence assay as the gold standard for detecting Giardia duodenalis and Cryptosporidium spp. in canine and feline fecal samples. BMC Vet Res. 2024 Oct 2;20(1):445.</subfield>
   </datafield>
   <datafield ind1="8" ind2=" " tag="024">
      <subfield code="a">https://hdl.handle.net/20.500.12105/26433</subfield>
   </datafield>
   <datafield ind1="8" ind2=" " tag="024">
      <subfield code="a">39358726</subfield>
   </datafield>
   <datafield ind1="8" ind2=" " tag="024">
      <subfield code="a">10.1186/s12917-024-04297-0</subfield>
   </datafield>
   <datafield ind1="8" ind2=" " tag="024">
      <subfield code="a">1746-6148</subfield>
   </datafield>
   <datafield ind1="8" ind2=" " tag="024">
      <subfield code="a">BMC veterinary research</subfield>
   </datafield>
   <datafield tag="653" ind2=" " ind1=" ">
      <subfield code="a">Cat</subfield>
   </datafield>
   <datafield tag="653" ind2=" " ind1=" ">
      <subfield code="a">DFA</subfield>
   </datafield>
   <datafield tag="653" ind2=" " ind1=" ">
      <subfield code="a">Diagnostic performance</subfield>
   </datafield>
   <datafield tag="653" ind2=" " ind1=" ">
      <subfield code="a">Dog</subfield>
   </datafield>
   <datafield tag="653" ind2=" " ind1=" ">
      <subfield code="a">ICT</subfield>
   </datafield>
   <datafield tag="653" ind2=" " ind1=" ">
      <subfield code="a">MIF</subfield>
   </datafield>
   <datafield tag="653" ind2=" " ind1=" ">
      <subfield code="a">PCR</subfield>
   </datafield>
   <datafield tag="653" ind2=" " ind1=" ">
      <subfield code="a">Risk factors</subfield>
   </datafield>
   <datafield ind2="0" ind1="0" tag="245">
      <subfield code="a">Enhancing diagnostic accuracy: Direct immunofluorescence assay as the gold standard for detecting Giardia duodenalis and Cryptosporidium spp. in canine and feline fecal samples</subfield>
   </datafield>
</record></metadata></record></GetRecord></OAI-PMH>